LEADER 01001nam a2200241 i 4500 001 000000155064 003 CaOOAMICUS 005 20090407000000.0 008 090407s1986 it u000 u mul u 013 $a132413 040 $aSeMil$bita 100 1 $aCrosta, Paolo.$0(OLS)http://semarc/name/15659 245 10$aComerio :$bun poggio a nord del lago : note storiche e paesistiche /$cPaolo Crosta. 260 $aGavirate (VA) :$bNicolini,$c1986. 300 $a155 p. :$briccamente ill. ;$c31 cm. 500 $aIn preliminari : Dedica autografa. - Fondo Card. Giovanni Colombo. 650 4$aComerio.$0(OLS)http://semarc/subject/6303 850 $aSeMil 852 $aSeMil$W1$xVenegono$y1$m3P VI 368$j106915$B106915$CSeMilBibl$Z2$F142721 $81 941 1 $a3 961 $aLascito: Colombo Card. Giovanni 996 $6245$aComerio :$bun poggio a nord del lago : note storiche e paesistiche$9(OLS)http://semarc/title/227058 996 $6260$aGavirate (VA) :$bNicolini$9(OLS)http://semarc/publisher/40215 LEADER 01162nam a2200253 i 4500 001 000000174524 003 CaOOAMICUS 005 20230222123048.0 008 080917s1976 sw u000 u swe u 040 $aSeMil$bita 100 1 $aPalm, Jonas.$0(OLS)http://semarc/name/65125 245 10$aOm Filostratos och Hans Apollonios-Biografi /$cJonas Palm. 264 1$aStockholm :$bAlmqvist & Wiksell,$c1976. 300 $a41 p. ;$c25 cm. 490 1 $aActa Universitatis Upsaliensis. Studia graeca upsaliensia ;$v10 600 04$aApollonio : di Tiana <2-98>.$0(OLS)http://semarc/subject/12048 650 4$aFilostrato, Lucio Flavio . Vita di Apollonio di Tiana.$0(OLS)http://semarc/subject/33245 830 0$aActa Universitatis Upsaliensis. Studia graeca upsaliensia ;$v10.$0(OLS)http://semarc/title/514 850 $aSeMil 852 $aSeMil$W1$xVenegono$y1$m1Z VI 48$j237555$B125360$CSeMilBibl$Z2$F136345 $81 961 $aRecupero: Altro 996 $6245$aOm Filostratos och Hans Apollonios-Biografi$9(OLS)http://semarc/title/250150 996 $6264$aStockholm :$bAlmqvist & Wiksell$9(OLS)http://semarc/publisher/32224